000 00321 a2200133 4500
999 _c325038
_d325038
001 89965
003 NUST
005 20180124144335.0
008 180124b xxu||||| |||| 00| 0 eng d
082 _a891.551 TAS
100 _aTasdeeq Hussain
_99729
245 _aHakiat e Romi O Sa'adi
_hUrdu
260 _aRawalpindi
_bRomail House
_c2010
300 _a175p.
500 _aGeneral Books
942 _aCAE NUST
_k891.551 TAS
_cBK
_2ddc